|
|
|
|
| LEADER |
00000cas a2200000 a 4500 |
| 001 |
vtls010299814 |
| 003 |
SK-MaSNL |
| 005 |
20260228163314.0 |
| 008 |
190503d19511968xo sr|p 0 c0ukr |
| 040 |
|
|
|a SNK
|b slo
|c SNK
|e AACR2
|
| 041 |
0 |
|
|a ukr
|
| 044 |
|
|
|a xo
|c SK
|
| 072 |
|
7 |
|a 82-93
|x Literatúra pre deti a mládež (o nej)
|2 konspekt
|
| 080 |
|
|
|a 82-93
|2 2001
|
| 080 |
|
|
|a 050
|2 2001
|
| 245 |
0 |
0 |
|a Pioners'kaja hazeta
|
| 246 |
1 |
3 |
|a Pioners'ka hazeta
|f 1952-1968
|
| 260 |
|
|
|a Bratislava
|b Štátne vydavateľstvo
|c 1951-1968
|
| 260 |
3 |
|
|3 1952-1968
|a Bratislava
|b Smena
|
| 300 |
|
|
|a 17 zv.
|c 30-43 cm
|
| 310 |
|
|
|a 20x ročne
|b 1952-1968
|
| 321 |
|
|
|a 1x mesačne
|b 1951
|
| 362 |
0 |
|
|a No 1 (1951)- XVII, No 20 (1968)
|
| 500 |
|
|
|a Podnázov sa mení
|
| 500 |
|
|
|a Redaktori sa menia
|
| 500 |
|
|
|a Tlač. sa neuvádza. Od 3/1951 Svoboda 5/I v Brne, od 1/1953 Brněnské tiskárny v Brne, od 1/1958 Dukelské tlačiarne, n. p. v Prešove, od 7/1958 Východoslov. tlačiarne, n. p. v Prešove
|
| 500 |
|
|
|a Roč. 6/1957 sa v knižniciach nezachoval
|
| 650 |
0 |
7 |
|a literatúra pre deti a mládež
|2 SNKPH
|9 21893
|
| 655 |
|
7 |
|a časopisy pre mládež
|2 SNKPH
|9 70792
|
| 785 |
0 |
0 |
|t Veselka
|w vtls008880991
|
| 910 |
|
|
|a snk
|
| 916 |
|
|
|a 1951-1956,1958-1968
|
| 999 |
|
|
|c 9190
|d 11120
|
| 952 |
|
|
|0 0
|1 0
|4 0
|7 0
|a SNK
|b SNK
|d 2015-05-12
|f 1
|i snkČSP 217/63
|l 0
|o snkČSA 379/10/1961
|p 17A0767562
|r 2026-02-21 19:42:40
|t č. 1-20
|w 2026-02-21
|y PREZ
|
| 952 |
|
|
|0 0
|1 0
|4 0
|7 0
|a SNK
|b SNK
|d 2015-05-13
|f 1
|i snkČSP 1171/61
|l 0
|o snkČSA 379/8/1958-1959
|p 17A0767514
|r 2026-02-21 20:26:49
|t č. 1-20, neúpl.
|w 2026-02-21
|y PREZ
|z chýba č. 5, 7-12
|
| 952 |
|
|
|0 0
|1 0
|4 0
|7 0
|a SNK
|b SNK
|d 2015-05-12
|f 1
|i snkČSP 535/57
|l 0
|o snkČSA 379/5/1956
|p 17A0767604
|r 2026-02-21 21:26:05
|t č. 1-20
|w 2026-02-21
|y PREZ
|z od č. 2 je chybne označený ročník
|
| 952 |
|
|
|0 0
|1 0
|4 0
|7 0
|a SNK
|b SNK
|d 2015-05-12
|f 1
|i snkČSP 472/59
|l 0
|o snkČSA 379/7/1958
|p 17A0767606
|r 2026-02-21 21:26:05
|t č. 1-18
|w 2026-02-21
|y PREZ
|
| 952 |
|
|
|0 0
|1 0
|4 0
|7 0
|a SNK
|b SNK
|d 2015-05-12
|f 1
|i snkČSP 639/62
|l 0
|o snkČSA 379/9/1960
|p 17A0767513
|r 2026-02-21 21:26:05
|t č. 1-19
|w 2026-02-21
|y PREZ
|
| 952 |
|
|
|0 0
|1 0
|4 0
|7 0
|a SNK
|b SNK
|d 2015-05-12
|f 1
|l 0
|o snkČSA 379/11/1962
|p 17A0767574
|r 2026-02-21 21:26:05
|t č. 1-14
|w 2026-02-21
|y PREZ
|z prír. č. orezané
|
| 952 |
|
|
|0 0
|1 0
|4 0
|7 0
|a SNK
|b SNK
|d 2015-05-12
|f 1
|i snkČSP 481/64
|l 0
|o snkČSA 379/12/1963
|p 17A0767576
|r 2026-02-21 21:26:05
|t č. 1-20
|w 2026-02-21
|y PREZ
|
| 952 |
|
|
|0 0
|1 0
|4 0
|7 0
|a SNK
|b SNK
|d 2015-05-12
|f 1
|i snkČSP 240/65
|l 0
|o snkČSA 379/13/1964
|p 17A0767634
|r 2026-02-21 21:26:05
|t č. 1-12
|w 2026-02-21
|y PREZ
|
| 952 |
|
|
|0 0
|1 0
|4 0
|7 0
|a SNK
|b SNK
|d 2015-05-12
|f 1
|i snkČSP 717/65
|l 0
|o snkČSA 379/14/1964-1965
|p 17A0767592
|r 2026-02-21 21:26:05
|t č. 1-20
|w 2026-02-21
|y PREZ
|
| 952 |
|
|
|0 0
|1 0
|4 0
|7 0
|a SNK
|b SNK
|d 2015-05-12
|f 1
|i snkČSP 521/67
|l 0
|o snkČSA 379/15/1965-1966
|p 17A0767575
|r 2026-02-21 21:26:05
|t č. 1-20
|w 2026-02-21
|y PREZ
|
| 952 |
|
|
|0 0
|1 0
|4 0
|7 0
|a SNK
|b SNK
|d 2015-05-12
|f 1
|i snkČSP 1144/67
|l 0
|o snkČSA 379/16/1966-1967
|p 17A0767607
|r 2026-02-21 21:26:05
|t č. 1-20
|w 2026-02-21
|y PREZ
|
| 952 |
|
|
|0 0
|1 0
|4 0
|7 0
|a SNK
|b SNK
|d 2015-05-12
|f 1
|i snkČSP 688/68
|l 0
|o snkČSA 379/17/1967-1968
|p 17A0767608
|r 2026-02-21 21:26:05
|t č. 1-20
|w 2026-02-21
|y PREZ
|
| 952 |
|
|
|0 0
|1 0
|4 0
|7 0
|a SNK
|b SNK
|d 2015-05-13
|i snkČSP 473/60
|l 0
|o snkČSA 379/7/1958 D1
|p 17A1047684
|r 2026-02-21 21:34:00
|t č. 1-18, neúpl.
|w 2026-02-21
|y PREZ
|z chýba č. 14
|
| 952 |
|
|
|0 0
|1 0
|4 0
|7 0
|a SNK
|b SNK
|d 2015-05-13
|i snkČSP 1172/61
|l 0
|o snkČSA 379/8/1958-1959 D1
|p 17A1047685
|r 2026-02-21 21:34:00
|t č. 1-20, neúpl.
|w 2026-02-21
|y PREZ
|z chýba č. 5, 7-12
|
| 952 |
|
|
|0 0
|1 0
|4 0
|7 0
|a SNK
|b SNK
|d 2015-05-07
|f 1
|i snkII. 763/52
|l 0
|o snkČSA 379/1951
|p 17A0767496
|r 2026-02-21 21:34:12
|t č. 1-6
|w 2026-02-21
|y PREZ
|
| 952 |
|
|
|0 0
|1 0
|4 0
|7 0
|8 1
|a SNK
|b SNK
|d 2015-05-07
|f 1
|i snkD 212/92
|l 0
|o snkČSA 379/1952-1953
|p 17A0767600
|r 2026-02-21 21:34:12
|t č. 1-21
|w 2026-02-21
|y PREZ
|
| 952 |
|
|
|0 0
|1 0
|4 0
|7 0
|a SNK
|b SNK
|d 2015-05-11
|f 1
|i snkČSP 538/56
|l 0
|o snkČSA 379/1953-1954
|p 17A0767602
|r 2026-02-21 21:34:21
|t č. 1-20
|w 2026-02-21
|y PREZ
|
| 952 |
|
|
|0 0
|1 0
|4 0
|7 0
|a SNK
|b SNK
|d 2015-05-11
|f 1
|i snkČSP 447/56
|l 0
|o snkČSA 379/[3-4]/1954-1955
|p 17A0767603
|r 2026-02-21 21:34:21
|t č. 1-28
|w 2026-02-21
|y PREZ
|